25 Best Rappers - Statistics

General Stats
  • This quiz has been taken 183 times
  • The average score is 15 of 25
Answer Stats
Album Artist % Correct
The Slim Shady LP Eminem
94%
Graduation Kanye West
93%
To Pimp A Butterfly Kendrick Lamar
90%
All Eyez On Me Tupac
88%
Doggy Style Snoop Dogg
85%
Ready To Die The Notorious B.I.G.
78%
4:44 Jay-Z
77%
Tha Carter IV Lil Wayne
76%
Get Rich Or Die Trying 50 Cent
74%
Flower Boy Tyler, The Creator
69%
King's Disease III Nas
66%
Rodeo Travis Scott
66%
2001 Dr Dre
62%
The Miseducation Of Lauryn Hill
55%
4 Your Eyez Only J. Cole
54%
Stankonia Outkast
53%
DS2 Future
51%
Man On The Moon Kid Cudi
45%
Testing A$AP Rocky
41%
Daytona Pusha T
38%
The Predator Ice Cube
36%
Because The Internet Childish Gambino
35%
The Low End Theory A Tribe Called Quest
27%
Faces Mac Miller
23%
Imperial Denzel Curry
20%
No matching quizzes found
Score Distribution
Percent of People with Each Score
Percentile by Number Answered
Your Score History
You have not taken this quiz